[Event "SF Wadgassen/Differten-SC Tamm"]
[Site "Torgelow"]
[Date "2006.12.28"]
[Round "3.1"]
[White "Ströhle, Kathrin"]
[Black "Dietzen, Corinna"]
[Result "1-0"]
[WhiteElo "1808"]
[BlackElo "1980"]
[PlyCount "125"]
[EventDate "2006.??.??"]

1. e4 e5 2. Nf3 Nf6 3. Nxe5 d6 4. Nf3 Nxe4 5. d4 d5 6. Bf4 Be7 7. Be2 O-O 8.
O-O Nc6 9. c3 Re8 10. Nbd2 Bf6 11. Bd3 Bg4 12. Qc2 g5 13. Bg3 Nxg3 14. Bxh7+
Kg7 15. fxg3 Ne7 16. Rae1 Rh8 17. Bd3 Rh6 18. Ne5 Be6 19. h3 Qd6 20. g4 c5 21.
Ndf3 Rc8 22. Qd2 cxd4 23. cxd4 Qb6 24. Bb1 Nc6 25. Kh1 Qd8 26. Qf2 Rc7 27. Nxc6
bxc6 28. Qg3 c5 29. Rc1 Be7 30. dxc5 Rxc5 31. Rxc5 Bxc5 32. Qe5+ Qf6 33. Qxg5+
Qxg5 34. Nxg5 Rf6 35. Rxf6 Kxf6 36. Nf3 Be3 37. Kh2 d4 38. b3 Bd7 39. Bd3 Bf4+
40. Kg1 Be3+ 41. Kf1 Bc6 42. Ke2 Bd7 43. Bc4 Bc6 44. Kd3 Bf2 45. h4 Bxf3 46.
gxf3 Bxh4 47. Kxd4 Kg6 48. Kc5 Bf2+ 49. Kb5 f6 50. a4 Kg5 51. Bd3 Kf4 52. Be4
Ke5 53. Kc6 Kd4 54. Kd6 Bg3+ 55. Ke6 Bh4 56. Kf5 Kc5 57. f4 Kd6 58. g5 fxg5 59.
fxg5 Ke7 60. Kg6 Bf2 61. Kg7 Bd4+ 62. Kg8 Bc3 63. g6 1-0

[Event "SF Wadgassen/Differten-SC Tamm"]
[Site "Torgelow"]
[Date "2006.12.28"]
[Round "3.2"]
[White "Ley, Janine"]
[Black "Bonfert, Nadine"]
[Result "1/2-1/2"]
[WhiteElo "1610"]
[BlackElo "1607"]
[PlyCount "92"]
[EventDate "2006.??.??"]

1. c4 e5 2. Nc3 Nf6 3. g3 Nc6 4. Bg2 d6 5. d3 Be7 6. Nf3 O-O 7. d4 exd4 8. Nxd4
Bd7 9. O-O Rb8 10. b3 Re8 11. e4 Qc8 12. Re1 Ne5 13. f4 Nc6 14. Rb1 Nxd4 15.
Qxd4 c5 16. Qd3 b6 17. Bb2 Bc6 18. Rbd1 Qc7 19. Nd5 Nxd5 20. cxd5 Bb7 21. e5
Rbd8 22. e6 fxe6 23. Rxe6 Bc8 24. Re3 Bf8 25. Rde1 Qf7 26. Be4 g6 27. Kf2 Bg7
28. Bc3 Bxc3 29. Qxc3 Bb7 30. Qd3 Bc8 31. h4 Bg4 32. a4 Kh8 33. Bf3 Bxf3 34.
Kxf3 Rxe3+ 35. Rxe3 Re8 36. Rxe8+ Qxe8 37. Qe4 Qf7 38. g4 Kg7 39. Qe6 Qxe6 40.
dxe6 Kf6 41. f5 gxf5 42. gxf5 d5 43. Ke3 a6 44. Kd3 b5 45. axb5 axb5 46. Kc3 c4
1/2-1/2

[Event "SF Wadgassen/Differten-SC Tamm"]
[Site "Torgelow"]
[Date "2006.12.28"]
[Round "3.3"]
[White "Rüdel, Anita"]
[Black "Nischik, Natascha"]
[Result "1/2-1/2"]
[WhiteElo "1549"]
[BlackElo "1486"]
[PlyCount "61"]
[EventDate "2006.??.??"]

1. e4 e5 2. Nf3 Nc6 3. d4 exd4 4. Nxd4 Bc5 5. Be3 Bxd4 6. Bxd4 Nxd4 7. Qxd4 Qf6
8. Qxf6 Nxf6 9. Nc3 d6 10. Bd3 Bd7 11. O-O O-O 12. Rfe1 Rfe8 13. Re2 Re7 14.
Rae1 Rae8 15. f3 Bc6 16. Kf2 Kf8 17. a3 a6 18. Kf1 Nd7 19. Rd1 Ne5 20. Red2
Nxd3 21. Rxd3 f6 22. R3d2 Kf7 23. Nd5 Bxd5 24. Rxd5 Re5 25. Kf2 Rxd5 26. Rxd5
Re5 27. Rxe5 dxe5 28. Ke3 Ke6 29. Kd3 Kd6 30. Kc4 Kc6 31. b3 1/2-1/2

[Event "SF Wadgassen/Differten-SC Tamm"]
[Site "Torgelow"]
[Date "2006.12.28"]
[Round "3.4"]
[White "Neumann, Tanja"]
[Black "Schäfer, Daniela"]
[Result "1-0"]
[WhiteElo "1188"]
[BlackElo "1450"]
[PlyCount "73"]
[EventDate "2006.??.??"]

1. e4 d6 2. d4 g6 3. Nc3 Bg7 4. Bc4 Nf6 5. Bg5 O-O 6. Nf3 Nbd7 7. Qd2 Re8 8.
Bh6 Bh8 9. Ng5 e6 10. h4 Ng4 11. Nf3 Nxh6 12. Qxh6 Bg7 13. Qe3 d5 14. Be2 dxe4
15. Nxe4 e5 16. d5 Nf6 17. Nxf6+ Qxf6 18. Qb3 Rb8 19. O-O-O e4 20. Ng5 h6 21.
Nh3 Bxh3 22. Rxh3 Qxf2 23. Bc4 e3 24. Rf3 Qxh4 25. Be2 Qe7 26. Rd3 Bf6 27. Kb1
Bg5 28. Rd1 Kf8 29. Rdf1 f5 30. g4 f4 31. Qc3 Qe5 32. Qd3 Bf6 33. Qa3+ Kg7 34.
Rxf4 Rf8 35. Rxf6 Qh2 36. Qe7+ Kg8 37. Rxg6+ 1-0

[Event "SG Bochum 31-SK König Tegel"]
[Site "Torgelow"]
[Date "2006.12.28"]
[Round "3.1"]
[White "Schulz, Stefanie"]
[Black "Zhang, Fan"]
[Result "1/2-1/2"]
[WhiteElo "2126"]
[BlackElo "2049"]
[PlyCount "68"]
[EventDate "2006.??.??"]

1. e4 e6 2. d3 d5 3. Nd2 Nf6 4. Ngf3 c5 5. g3 b6 6. Bg2 Be7 7. O-O Nc6 8. Re1
Bb7 9. e5 Nd7 10. Nf1 g5 11. h3 h5 12. g4 Qc7 13. Bxg5 hxg4 14. hxg4 Ndxe5 15.
Bxe7 Nxf3+ 16. Qxf3 Qxe7 17. c3 O-O-O 18. Rac1 Rdg8 19. d4 Rg7 20. Ne3 Qd6 21.
Qg3 Qxg3 22. fxg3 Kd7 23. dxc5 bxc5 24. Red1 Ba6 25. Rd2 Ne5 26. Nxd5 exd5 27.
Rxd5+ Ke6 28. Re1 f6 29. Rxc5 Rc8 30. Ra5 Bd3 31. g5 Rxg5 32. Bh3+ Bf5 33. Ra6+
Kd5 34. Bg2+ Kc4 1/2-1/2

[Event "SG Bochum 31-SK König Tegel"]
[Site "Torgelow"]
[Date "2006.12.28"]
[Round "3.2"]
[White "Albano Jeremias, Bianca"]
[Black "Rath, Alina"]
[Result "1-0"]
[WhiteElo "1950"]
[BlackElo "1843"]
[PlyCount "71"]
[EventDate "2006.??.??"]

1. e4 c5 2. Nf3 Nc6 3. d4 cxd4 4. Nxd4 Nf6 5. Nc3 d6 6. Be2 g6 7. O-O Bg7 8.
Nb3 O-O 9. Re1 a6 10. Bf1 b5 11. Nd5 e6 12. Nxf6+ Bxf6 13. c3 Qc7 14. Bf4 Rd8
15. Qd2 Bb7 16. Bg5 Qe7 17. Bxf6 Qxf6 18. Rad1 d5 19. Nc5 Qe7 20. Qe3 dxe4 21.
Nxe4 Rxd1 22. Rxd1 Rd8 23. Rxd8+ Qxd8 24. Nc5 Bc8 25. Qf3 Qd6 26. Ne4 Qc7 27.
Nf6+ Kf8 28. Qe3 Qe5 29. Qh6+ Ke7 30. Nxh7 Qh8 31. Qg5+ f6 32. Qc5+ Kd7 33.
Nf8+ Kc7 34. Nxg6 Qe8 35. Nf4 Qd7 36. Nd3 1-0

[Event "SG Bochum 31-SK König Tegel"]
[Site "Torgelow"]
[Date "2006.12.28"]
[Round "3.3"]
[White "Neldner, Uta"]
[Black "Hohmann, Louisa"]
[Result "1-0"]
[WhiteElo "1849"]
[BlackElo "1642"]
[PlyCount "61"]
[EventDate "2006.??.??"]

1. e4 e5 2. Nc3 Bc5 3. g3 Nf6 4. Bg2 Nc6 5. d3 O-O 6. f4 exf4 7. Bxf4 d6 8. Na4
Bb6 9. Nxb6 axb6 10. Nf3 Re8 11. O-O Bg4 12. c3 d5 13. exd5 Nxd5 14. Qd2 Qd7
15. Rf2 Re7 16. d4 f6 17. c4 Nxf4 18. Qxf4 Bxf3 19. Bxf3 Qxd4 20. Bxc6 Qc5 21.
Bd5+ Kh8 22. Kg2 c6 23. Bf3 Re5 24. Rd1 Qe7 25. b3 Rea5 26. Rdd2 Qf7 27. Qd4
R5a6 28. Rfe2 Rf8 29. Qd6 Raa8 30. Re7 Qg8 31. Rxb7 1-0

[Event "SG Bochum 31-SK König Tegel"]
[Site "Torgelow"]
[Date "2006.12.28"]
[Round "3.4"]
[White "Orhan, Eda"]
[Black "König, Laura"]
[Result "1/2-1/2"]
[WhiteElo "1499"]
[BlackElo "1588"]
[PlyCount "68"]
[EventDate "2006.??.??"]

1. d4 d5 2. Nf3 e6 3. e3 c5 4. Bd3 Nc6 5. b3 Nf6 6. Bb2 Be7 7. Nbd2 Bd7 8. O-O
O-O 9. Ne5 Nxe5 10. dxe5 Ne8 11. f4 f6 12. Qh5 f5 13. Kh1 Nc7 14. g4 Be8 15.
Qh3 Bg6 16. g5 Qe8 17. Be2 Rd8 18. c3 b5 19. a3 c4 20. b4 Qc6 21. Nf3 Ra8 22.
Nd4 Qd7 23. Qg3 a6 24. h4 Kh8 25. h5 Be8 26. Qh3 Bd8 27. Nf3 Kg8 28. Nh4 Rb8
29. Rf2 Na8 30. Rd1 Nb6 31. Nf3 Nc8 32. Rg2 Ne7 33. Nd4 Bb6 34. Bf3 Rd8 1/2-1/2

[Event "SF Brackel-SAV Torgelow"]
[Site "Torgelow"]
[Date "2006.12.28"]
[Round "3.1"]
[White "Janotta, Steffi"]
[Black "Zemella, Jennifer"]
[Result "1/2-1/2"]
[WhiteElo "2029"]
[BlackElo "1928"]
[PlyCount "38"]
[EventDate "2006.??.??"]

1. e4 e5 2. Nf3 d6 3. d4 exd4 4. Nxd4 Nf6 5. Nc3 Be7 6. Bc4 O-O 7. O-O c6 8. h3
b5 9. Bd3 a6 10. Qf3 Nfd7 11. Nf5 Ne5 12. Nxe7+ Qxe7 13. Qg3 Nxd3 14. cxd3 Be6
15. Ne2 f6 16. Nd4 c5 17. Nf5 Bxf5 18. exf5 Nc6 19. Be3 Rfe8 1/2-1/2

[Event "SF Brackel-SAV Torgelow"]
[Site "Torgelow"]
[Date "2006.12.28"]
[Round "3.3"]
[White "Völschow, Toni"]
[Black "Schöttler, Katharina"]
[Result "1/2-1/2"]
[WhiteElo "1811"]
[BlackElo "1607"]
[PlyCount "98"]
[EventDate "2006.??.??"]

1. d4 d5 2. e3 Nf6 3. Bd3 e6 4. Nd2 Bd6 5. f4 a6 6. c3 c5 7. Qf3 Nc6 8. Ne2 c4
9. Bc2 O-O 10. g4 b5 11. g5 Nd7 12. Qh5 g6 13. Qh6 f5 14. gxf6 Nxf6 15. Rg1 Ne7
16. Nf3 Ra7 17. Nh4 Rf7 18. Nxg6 Nxg6 19. Bxg6 hxg6 20. Rxg6+ Rg7 21. Rxf6 Rh7
22. Rg6+ Rag7 23. Rxg7+ Rxg7 24. Ng3 Rh7 25. Qg6+ Kh8 26. Bd2 Rxh2 27. O-O-O
Qg8 28. Qf6+ Qg7 29. Qd8+ Qf8 30. Qxf8+ Bxf8 31. Rg1 Kh7 32. Nf1 Rh3 33. Be1
Be7 34. Kd1 Bd7 35. Rg2 Be8 36. Kd2 Bg6 37. Rh2 Rxh2+ 38. Nxh2 Bh5 39. e4 Kg6
40. Ke3 Bd8 41. Nf3 dxe4 42. Nd2 Kf5 43. Nxe4 Bg6 44. Nd6+ Kg4 45. Ne4 Bc7 46.
Nf2+ Kf5 47. Nh3 Bh5 48. Kd2 Bxf4+ 49. Nxf4 Kxf4 1/2-1/2

[Event "SF Brackel-SAV Torgelow"]
[Site "Torgelow"]
[Date "2006.12.28"]
[Round "3.4"]
[White "Kartseva, Nataly"]
[Black "Hartmann, Elisa"]
[Result "1/2-1/2"]
[WhiteElo "1497"]
[BlackElo "1521"]
[PlyCount "108"]
[EventDate "2006.??.??"]

1. d4 d5 2. Nf3 e6 3. Bg5 Nf6 4. Nbd2 Be7 5. e3 Nbd7 6. c4 O-O 7. Rc1 b6 8. Bd3
h6 9. Bf4 c5 10. Nb3 Bb7 11. O-O Rc8 12. h3 Re8 13. a3 Ne4 14. Bxe4 dxe4 15.
Ne5 Nxe5 16. Bxe5 Bf6 17. Qh5 Bxe5 18. Qxe5 Qg5 19. Qxg5 hxg5 20. dxc5 bxc5 21.
Rfd1 Kf8 22. Kf1 Ke7 23. Rd2 Rc7 24. Na1 Rd8 25. Rxd8 Kxd8 26. Rd1+ Rd7 27.
Rxd7+ Kxd7 28. Nb3 Kd6 29. Ke2 f5 30. Kd2 f4 31. Kc3 e5 32. Nd2 a5 33. a4 Bc6
34. b3 Ke7 35. Nb1 Bd7 36. Na3 Kd6 37. Kd2 g4 38. Nb5+ Kc6 39. hxg4 Bxg4 40.
Nc3 Bf5 41. Nd5 Kd6 42. exf4 exf4 43. Nxf4 Ke5 44. Ke3 Bd7 45. Ne2 Be8 46. Nc3
Bg6 47. Nb5 Bh5 48. Nc3 Bg6 49. Ne2 Bh5 50. Nc1 Bd1 51. Kd2 Bg4 52. Ne2 Bh5 53.
Nc3 Be8 54. Ke3 Bg6 1/2-1/2

[Event "SG Porz-SG BW Stadtilm"]
[Site "Torgelow"]
[Date "2006.12.28"]
[Round "3.1"]
[White "Hoffmann, Lena"]
[Black "Kaplun, Viktoria"]
[Result "1-0"]
[WhiteElo "1897"]
[BlackElo "1939"]
[PlyCount "101"]
[EventDate "2006.??.??"]

1. Nc3 c5 2. e4 e6 3. g3 a6 4. Bg2 Qc7 5. d3 d6 6. f4 Nf6 7. h3 Nc6 8. Be3 Be7
9. Qd2 b5 10. Qf2 Bb7 11. Nge2 Nd7 12. f5 b4 13. Na4 e5 14. O-O Nd4 15. b3 Nxc2
16. Rac1 Nxe3 17. Qxe3 Qd8 18. Qf2 Bc6 19. Nb2 Bb5 20. Rc2 a5 21. Nc1 Nb6 22.
Nd1 a4 23. Ne3 axb3 24. axb3 Bg5 25. h4 Bxe3 26. Qxe3 f6 27. g4 O-O 28. Rff2
Qc7 29. Bf3 Ra3 30. Rg2 Qe7 31. Kh2 Rfa8 32. g5 R8a7 33. h5 fxg5 34. Rxg5 h6
35. Rg6 Qh4+ 36. Kg1 Kh7 37. Rxd6 Qg3+ 38. Rg2 Qf4 39. Qxf4 exf4 40. Rxb6 Ra1
41. Rxb5 Rxc1+ 42. Kh2 Raa1 43. Kh3 Rab1 44. Rb7 Rh1+ 45. Kg4 Rhg1 46. Rxg1
Rxg1+ 47. Kxf4 Rb1 48. f6 Kg8 49. Rxg7+ Kf8 50. e5 Rxb3 51. Bd5 1-0

[Event "SG Porz-SG BW Stadtilm"]
[Site "Torgelow"]
[Date "2006.12.28"]
[Round "3.2"]
[White "Krause Molle, Zarela"]
[Black "Kinzel, Franziska"]
[Result "0-1"]
[WhiteElo "1547"]
[BlackElo "1459"]
[PlyCount "148"]
[EventDate "2006.??.??"]

1. e4 c6 2. Nf3 d5 3. exd5 cxd5 4. Ne5 Nf6 5. d4 Bf5 6. Bd3 Bxd3 7. Qxd3 a6 8.
O-O e6 9. c3 Bd6 10. f4 Nbd7 11. Nd2 b5 12. Rb1 Qb6 13. Nxd7 Nxd7 14. Nf3 O-O
15. Ng5 Nf6 16. Be3 Qc7 17. Rf3 h6 18. Nh3 Ne4 19. Nf2 f5 20. Qe2 Rae8 21. Rf1
Re7 22. Nxe4 fxe4 23. R3f2 Ref7 24. Qg4 Rf6 25. h3 Kh7 26. Kh1 g6 27. g3 h5 28.
Qh4 Kg7 29. g4 hxg4 30. Qxg4 Qf7 31. b3 Rf5 32. Rg2 Rh8 33. Rfg1 Rh6 34. Rf2
Kh7 35. Kh2 Rfh5 36. Rg3 Qf5 37. Qxf5 exf5 38. Kg2 Be7 39. Re2 Kg7 40. Bc1 Rh8
41. Rc2 Rc8 42. c4 dxc4 43. bxc4 bxc4 44. Rgc3 Rhh8 45. Rxc4 Rxc4 46. Rxc4 Rd8
47. Be3 Rb8 48. Rc2 Kf7 49. d5 Rd8 50. Rd2 Bb4 51. Rd1 Rc8 52. d6 Ke6 53. d7
Rd8 54. Kg3 Rxd7 55. Rxd7 Kxd7 56. Kh4 Be7+ 57. Kg3 Kc6 58. Kf2 Kb5 59. Ke2 Ka4
60. Bc1 Kb4 61. Kd2 Kc4 62. Kc2 a5 63. Be3 Bb4 64. Bb6 a4 65. Bc7 Bc5 66. Ba5
e3 67. Be1 Kd4 68. Bg3 Ke4 69. Kc3 Kf3 70. Be1 Kxf4 71. Kc4 Be7 72. Kb5 a3 73.
Kc4 Ke4 74. Kc3 f4 0-1

[Event "SG Porz-SG BW Stadtilm"]
[Site "Torgelow"]
[Date "2006.12.28"]
[Round "3.3"]
[White "Kinzel, Tiffany"]
[Black "Tunc, Helin"]
[Result "0-1"]
[WhiteElo "1516"]
[BlackElo "1286"]
[PlyCount "98"]
[EventDate "2006.??.??"]

1. e4 c5 2. c3 d5 3. exd5 Qxd5 4. d4 e6 5. Be3 cxd4 6. Qxd4 Nf6 7. Nd2 Be7 8.
Ngf3 O-O 9. Bc4 Qf5 10. O-O Nc6 11. Qf4 Qxf4 12. Bxf4 Bd7 13. Rfe1 Rac8 14. b4
Rfd8 15. a4 Be8 16. a5 Nd5 17. Bxd5 Rxd5 18. Rad1 Bf6 19. Ne4 Rxd1 20. Rxd1 Be7
21. Ra1 f6 22. b5 Nd8 23. Bd6 Kf7 24. Nd4 g6 25. g4 e5 26. Nb3 Bxb5 27. Rc1 Bc6
28. Bxe7 Kxe7 29. Nec5 Ne6 30. Nxe6 Kxe6 31. Re1 Kf7 32. Re3 Rd8 33. f3 Re8 34.
Nd2 Rd8 35. Re2 Rd3 36. Ne4 Bxe4 37. Rxe4 Rxc3 38. Kf2 Ra3 39. Rb4 Rxa5 40.
Rxb7+ Kg8 41. Rb8+ Kg7 42. Kg3 Ra3 43. h4 e4 44. g5 Rxf3+ 45. Kg2 fxg5 46. hxg5
Rf8 47. Rb4 Rf5 48. Rxe4 Rxg5+ 49. Kh3 Rf5 0-1

[Event "SG Porz-SG BW Stadtilm"]
[Site "Torgelow"]
[Date "2006.12.28"]
[Round "3.4"]
[White "Schäfer, Emma"]
[Black "Jünger, Theresa"]
[Result "0-1"]
[WhiteElo "1084"]
[BlackElo "1226"]
[PlyCount "100"]
[EventDate "2006.??.??"]

1. Nc3 d5 2. e4 dxe4 3. Nxe4 Bf5 4. Ng3 Bg6 5. Nf3 Nd7 6. Bc4 e6 7. d4 Ngf6 8.
Qe2 Be7 9. Be3 c5 10. Rd1 Qc7 11. O-O O-O 12. Nh4 Rac8 13. Nxg6 hxg6 14. dxc5
Bxc5 15. Bxc5 Nxc5 16. Rd2 a6 17. Rfd1 Na4 18. Bb3 Nxb2 19. Rb1 Nc4 20. Bxc4
Qxc4 21. Qxc4 Rxc4 22. Rxb7 Rfc8 23. Ra7 Rxc2 24. Rxc2 Rxc2 25. Rxa6 Rc1+ 26.
Nf1 Ne4 27. Ra8+ Kh7 28. Rd8 Nc3 29. Rd2 Ra1 30. g4 Rxa2 31. Rd7 f5 32. g5 Ne4
33. f4 Rf2 34. Ng3 Rxf4 35. Rd3 Nxg3 36. Rxg3 Kg8 37. Rd3 Rg4+ 38. Rg3 Rxg3+
39. hxg3 Kf7 40. Kf2 e5 41. Kf3 Ke6 42. Ke3 Kd5 43. Kd3 Kc5 44. Ke3 Kc4 45. Ke2
Kd4 46. Kd2 Ke4 47. Ke2 f4 48. gxf4 exf4 49. Kf1 Kf3 50. Ke1 Kg2 0-1

[Event "SV Wolfbusch-SC Leipzig-Gohlis"]
[Site "?"]
[Date "2006.12.28"]
[Round "4.1"]
[White "Ohme, Melanie"]
[Black "Gussakovski, Jana"]
[Result "1-0"]
[WhiteElo "2145"]
[BlackElo "2090"]
[PlyCount "83"]
[EventDate "2006.12.28"]

1. e4 c5 2. Nf3 e6 3. d4 cxd4 4. Nxd4 Nf6 5. Nc3 Bb4 6. e5 Nd5 7. Qg4 O-O 8.
Bh6 g6 9. Bxf8 Qxf8 10. Qg3 Qc5 11. Nde2 Nc6 12. h4 h5 13. Rh3 d6 14. exd6 e5
15. d7 Bxd7 16. O-O-O Nf6 17. a3 Bxa3 18. Na4 Bxb2+ 19. Kxb2 Qb4+ 20. Qb3 Bxh3
21. Qxb4 Nxb4 22. gxh3 b5 23. Nac3 Rc8 24. Ng3 a6 25. Rd2 Nc6 26. Nce4 Nxe4 27.
Nxe4 f5 28. Ng5 e4 29. Rd6 Kg7 30. Ne6+ Kg8 31. Nf4 Kf7 32. Nxg6 Nb4 33. c3
Nd3+ 34. Bxd3 exd3 35. Ne5+ Ke7 36. Rxd3 Ke6 37. Nf3 Rc4 38. Nd4+ Kf6 39. Kb3
f4 40. Rd1 Rc5 41. Ra1 Ke5 42. f3 1-0

[Event "SV  Wolfbusch-SC Leipzig-Gohlis"]
[Site "?"]
[Date "2006.12.28"]
[Round "4.2"]
[White "Erben, Larissa"]
[Black "Beltz, Franziska"]
[Result "0-1"]
[WhiteElo "2055"]
[BlackElo "1867"]
[PlyCount "70"]
[EventDate "2006.??.??"]

1. e4 c5 2. Nf3 d6 3. d4 cxd4 4. Nxd4 Nf6 5. Nc3 a6 6. Be3 e6 7. f3 Nbd7 8. Qd2
b5 9. O-O-O Bb7 10. g4 h6 11. h4 b4 12. Na4 Qa5 13. b3 Nc5 14. a3 Nxa4 15. axb4
Qc7 16. bxa4 d5 17. e5 Nd7 18. f4 Nb6 19. f5 Nxa4 20. fxe6 Nc3 21. exf7+ Kxf7
22. Bd3 Bxb4 23. Qf2+ Kg8 24. Bf5 Rf8 25. g5 Ba3+ 26. Kd2 Ne4+ 27. Bxe4 Rxf2+
28. Bxf2 dxe4 29. Be3 hxg5 30. Rhg1 Rxh4 31. Bxg5 Rh2+ 32. Ke3 Qxe5 33. Rdf1
Rh3+ 34. Ke2 Qxd4 35. Bf6 Rh2+ 0-1

[Event "SV Wolfbusch-SC Leipzig-Gohlis"]
[Site "?"]
[Date "2006.12.28"]
[Round "4.3"]
[White "Beltz, Carmen"]
[Black "Hafner, Katrin"]
[Result "1-0"]
[WhiteElo "1952"]
[BlackElo "1684"]
[PlyCount "119"]
[EventDate "2006.12.28"]

1. e4 e6 2. d4 d5 3. Nd2 Nf6 4. e5 Nfd7 5. Bd3 c5 6. c3 Nc6 7. Ne2 f6 8. exf6
Nxf6 9. Nf3 cxd4 10. cxd4 Bd6 11. O-O O-O 12. Bg5 Qc7 13. Rc1 Ng4 14. Ng3 e5
15. dxe5 Ngxe5 16. Nxe5 Bxe5 17. b3 Qf7 18. Bb1 Bd7 19. Qd3 g6 20. Bh6 Bg7 21.
Bxg7 Kxg7 22. Ne2 Bf5 23. Qc3+ Kg8 24. Bxf5 Qxf5 25. Nd4 Nxd4 26. Qxd4 Rf7 27.
Rc5 Rd8 28. Rfc1 Rfd7 29. h3 b6 30. Rc8 Kf7 31. Qh4 Rxc8 32. Rxc8 h5 33. Qb4
Re7 34. Rh8 Qe5 35. Rd8 Qe1+ 36. Qxe1 Rxe1+ 37. Kh2 Rd1 38. Rd7+ Ke6 39. Rxa7
Rc1 40. Kg3 Rc6 41. Kf3 Ke5 42. Ke3 Rf6 43. f3 d4+ 44. Kd3 Kf4 45. Rc7 Kg3 46.
Rc2 h4 47. a4 Rf5 48. Kxd4 Rf4+ 49. Kc3 Rf7 50. Kb4 Rf5 51. Ka3 Rd5 52. b4 g5
53. Kb3 Rf5 54. Ra2 Rd5 55. Kc4 Re5 56. a5 bxa5 57. bxa5 Re7 58. a6 Ra7 59. Kb5
Ra8 60. Kb6 1-0

[Event "SV Wolfbusch-SC Leipzig-Gohlis"]
[Site "?"]
[Date "2006.12.28"]
[Round "4.1"]
[White "Sitterich, Nadine"]
[Black "Salden, Franziska"]
[Result "1/2-1/2"]
[WhiteElo "1808"]
[BlackElo "2029"]
[PlyCount "144"]
[EventDate "2006.12.28"]

1. e4 e6 2. d3 d5 3. Nd2 Nf6 4. Ngf3 c5 5. g3 b6 6. Bg2 Bb7 7. e5 Nfd7 8. O-O
Nc6 9. Re1 Qc7 10. Qe2 Be7 11. Nf1 O-O 12. h4 Rac8 13. Bf4 Nd4 14. Qd2 Rfd8 15.
N1h2 Nf8 16. Rac1 Nxf3+ 17. Nxf3 c4 18. c3 cxd3 19. Qxd3 Qc4 20. Qxc4 Rxc4 21.
h5 Rdc8 22. Nd4 a6 23. Bd2 Nd7 24. Bh3 Kf8 25. f4 Nc5 26. b3 Ne4 27. bxc4 Nxd2
28. cxd5 Bxd5 29. Kh2 Bc5 30. Bg2 Bxg2 31. Kxg2 Ke7 32. Nb3 Nc4 33. Kf3 Nb2 34.
Rb1 Na4 35. c4 Nc3 36. Rb2 Ba3 37. Rc2 Nd5 38. Ree2 Nb4 39. Rc3 Nd5 40. Rcc2
Nb4 41. Rc3 Nd5 42. Rd3 Rxc4 43. Red2 Bb4 44. Rd1 Rc2 45. Nd4 Rc4 46. a3 Bc5
47. f5 Bxd4 48. Rxd4 Rc3+ 49. R1d3 Rc5 50. g4 b5 51. Kg3 h6 52. Kh4 Rc1 53. Rd1
Rxd1 54. Rxd1 Ne3 55. Rc1 exf5 56. g5 Nc4 57. gxh6 gxh6 58. a4 Kd7 59. axb5
axb5 60. Rf1 Ke6 61. Rb1 Kxe5 62. Rxb5+ Ke4 63. Rb4 Kd5 64. Rb5+ Ke4 65. Rb4
Kd5 66. Rb7 Nd6 67. Rb1 Ke4 68. Re1+ Kf3 69. Rd1 Ne4 70. Rf1+ Nf2 71. Ra1 f6
72. Ra6 Ne4 1/2-1/2

[Event "SAV Torgelow -SC Tamm 94"]
[Site "?"]
[Date "2006.12.28"]
[Round "4.1"]
[White "Ströhle, Kathrin"]
[Black "Janotta, Steffi"]
[Result "0-1"]
[WhiteElo "1808"]
[BlackElo "2029"]
[PlyCount "52"]
[EventDate "2006.??.??"]

1. e4 d6 2. d4 Nf6 3. Bd3 g6 4. Nf3 Bg7 5. Be3 O-O 6. O-O Nc6 7. c3 e5 8. d5
Ne7 9. h3 Ne8 10. Nh2 f5 11. Bg5 h6 12. Bxe7 Qxe7 13. f4 exf4 14. Rxf4 Be5 15.
Rf2 fxe4 16. Rxf8+ Qxf8 17. Bf1 Nf6 18. Na3 Qf7 19. Bc4 Bd7 20. Nf1 Nh5 21. Qd2
Nf4 22. Qe3 Rf8 23. Rc1 Qf5 24. Rc2 Qg5 25. Kh1 Nd3 26. Qg1 Qf4 0-1

[Event "SAV Torgelow -SC Tamm 94"]
[Site "?"]
[Date "2006.12.28"]
[Round "4.2"]
[White "Stemmler, Lysann"]
[Black "Bonfert, Nadine"]
[Result "1-0"]
[WhiteElo "1847"]
[BlackElo "1607"]
[PlyCount "115"]
[EventDate "2006.??.??"]

1. e4 e5 2. Nf3 Nc6 3. d4 exd4 4. Nxd4 Bc5 5. Be3 Qf6 6. c3 Bb6 7. Bc4 d6 8.
O-O Nge7 9. Nb5 Kd8 10. Bxb6 axb6 11. f4 Bd7 12. b4 Kc8 13. a4 Na7 14. N1a3
Nxb5 15. Nxb5 Nc6 16. Ra2 Re8 17. e5 dxe5 18. fxe5 Qxe5 19. Re2 Qg5 20. Rxf7
Rd8 21. Rxd7 Rxd7 22. Be6 Qe7 23. Bg4 Qf7 24. Rf2 Qe7 25. Rf8+ Nd8 26. Rf2 Nc6
27. Bxd7+ Qxd7 28. Qxd7+ Kxd7 29. Rf7+ Ke6 30. Nxc7+ Kxf7 31. Nxa8 Ke6 32. Nxb6
Ke5 33. Kf2 Ke4 34. Ke2 Ne5 35. a5 Nc6 36. Nd7 Kd5 37. Nc5 Kc4 38. Kd2 Nxa5 39.
Ne4 Nc6 40. Nd6+ Kd5 41. Nxb7 Ne5 42. Na5 g6 43. Nb3 Kc4 44. Nd4 Kd5 45. Nf3
Nc4+ 46. Kd3 h6 47. Nd2 Ne5+ 48. Ke2 h5 49. h3 Nc6 50. Kd3 Ne5+ 51. Kc2 Nc6 52.
Kb3 Ne5 53. c4+ Kc6 54. Kc3 Kd6 55. Ne4+ Kc6 56. Kd4 Nd7 57. b5+ Kb6 58. Kd5
1-0

[Event "SAV Torgelow -SC Tamm 94"]
[Site "?"]
[Date "2006.12.28"]
[Round "4.3"]
[White "Rüdel, Nadine"]
[Black "Völschow, Toni"]
[Result "0-1"]
[WhiteElo "1549"]
[BlackElo "1811"]
[PlyCount "58"]
[EventDate "2006.??.??"]

1. e4 c5 2. Nf3 d6 3. d4 cxd4 4. Nxd4 Nf6 5. Nc3 a6 6. Bd3 e6 7. O-O Be7 8. Be3
b5 9. a3 Bb7 10. f3 Nbd7 11. Qd2 Rc8 12. Rad1 Ne5 13. Rfe1 O-O 14. Qf2 Nc4 15.
Bxc4 Rxc4 16. Rd2 Qc7 17. Na2 Qb8 18. Qe2 d5 19. exd5 Nxd5 20. Bf2 Bg5 21. Rdd1
Nf4 22. Qf1 e5 23. Nb3 Rfc8 24. Nc3 Qc7 25. Nd2 Rc6 26. Nde4 Rg6 27. Nd2 Nxg2
28. Kh1 Bxd2 29. Rxd2 Bxf3 0-1

[Event "SAV Torgelow -SC Tamm 94"]
[Site "?"]
[Date "2006.12.28"]
[Round "4.4"]
[White "Hartmann, Elisa"]
[Black "Schäfer, Daniela"]
[Result "1/2-1/2"]
[WhiteElo "1521"]
[BlackElo "1450"]
[PlyCount "51"]
[EventDate "2006.??.??"]

1. e4 d6 2. d4 g6 3. Nf3 Bg7 4. Nc3 Nf6 5. Bd3 O-O 6. O-O Nbd7 7. Bg5 e5 8.
dxe5 Nxe5 9. Nxe5 dxe5 10. Qf3 h6 11. Bxf6 Qxf6 12. Qxf6 Bxf6 13. Rad1 Be6 14.
Nd5 Bxd5 15. exd5 Rad8 16. Bc4 Rd6 17. Rd3 Rfd8 18. Rfd1 a6 19. c3 b5 20. Bb3
c6 21. c4 bxc4 22. Bxc4 e4 23. R3d2 Bg5 24. Rd4 Bf6 25. R4d2 Bg5 26. Rd4
1/2-1/2

[Event "SV Ga Rüdersdorf-SF Wadgassen"]
[Site "?"]
[Date "2006.12.28"]
[Round "4.1"]
[White "Dietzen, Corinna"]
[Black "Busse, Nadine"]
[Result "1-0"]
[WhiteElo "1980"]
[BlackElo "1934"]
[PlyCount "87"]
[EventDate "2006.??.??"]

1. c4 f5 2. Nc3 Nf6 3. d4 e6 4. Nf3 Bb4 5. Bd2 Bxc3 6. Bxc3 O-O 7. e3 Qe7 8.
Bd3 b6 9. O-O Bb7 10. b3 d6 11. Nd2 Nbd7 12. f3 Nh5 13. Qc2 Qg5 14. Rae1 Ndf6
15. d5 f4 16. Bxf6 Qxf6 17. Bxh7+ Kh8 18. Qg6 Qxg6 19. Bxg6 fxe3 20. Bxh5 exd2
21. Rxe6 b5 22. Re4 bxc4 23. bxc4 Ba6 24. Rd4 Rab8 25. Rxd2 Rb4 26. Rc1 Rxc4
27. Rxc4 Bxc4 28. Bg6 Rb8 29. Rc2 Bxd5 30. Rxc7 Bxa2 31. Rxa7 Be6 32. Re7 Bc4
33. Rd7 d5 34. Kf2 Rf8 35. Bf7 Rb8 36. Bxd5 Rb2+ 37. Kg3 Bf1 38. f4 Rb4 39. Kg4
Be2+ 40. Kg5 Rb8 41. f5 Rf8 42. g4 Bd3 43. h4 Bc2 44. h5 1-0

[Event "SV Ga Rüdersdorf-SF Wadgassen"]
[Site "?"]
[Date "2006.12.28"]
[Round "4.2"]
[White "Hönecke, Judith"]
[Black "Ley, Janine"]
[Result "1/2-1/2"]
[WhiteElo "1964"]
[BlackElo "1610"]
[PlyCount "86"]
[EventDate "2006.??.??"]

1. e4 d6 2. d4 g6 3. Nc3 Bg7 4. Be3 c6 5. f3 Nf6 6. Qd2 h5 7. h4 Nbd7 8. Nh3 e5
9. d5 cxd5 10. Nxd5 Nxd5 11. Qxd5 Nf6 12. Qd2 O-O 13. O-O-O Ne8 14. Nf2 Be6 15.
Kb1 f5 16. exf5 Bxf5 17. Bd3 Qd7 18. Ne4 Kh8 19. Ng3 Qf7 20. Bh6 Bxd3 21. Bxg7+
Kxg7 22. Qxd3 Rd8 23. Ne4 d5 24. Ng5 Qe7 25. Rhe1 Nf6 26. Qe3 b6 27. Qxe5 Qxe5
28. Rxe5 Rfe8 29. Rde1 Rxe5 30. Rxe5 Re8 31. Rxe8 Nxe8 32. c3 Kf6 33. Kc2 Nd6
34. g4 Ke5 35. Nh7 Nc4 36. b3 Ne3+ 37. Kd3 Ng2 38. Nf8 Nxh4 39. Ke3 Ng2+ 40.
Kf2 Nf4 41. Ke3 Ng2+ 42. Kf2 Nf4 43. Ke3 Ng2+ 1/2-1/2

[Event "SV Ga Rüdersdorf-SF Wadgassen"]
[Site "?"]
[Date "2006.12.28"]
[Round "4.3"]
[White "Nischik, Natascha"]
[Black "Sdunzik, Jennifer"]
[Result "0-1"]
[WhiteElo "1486"]
[BlackElo "1971"]
[PlyCount "68"]
[EventDate "2006.??.??"]

1. c4 e5 2. Nc3 Nc6 3. g3 g6 4. Bg2 d6 5. d3 Bg7 6. Nf3 f5 7. Rb1 Nf6 8. Qc2
O-O 9. O-O Nh5 10. e3 Be6 11. b3 Rb8 12. Bd2 Nb4 13. Qd1 Nxd3 14. Ne1 Nxe1 15.
Rxe1 Qd7 16. Qe2 c6 17. Na4 Rbe8 18. Red1 f4 19. Bf3 fxg3 20. fxg3 Nf6 21. Rf1
Bh3 22. Bg2 Bxg2 23. Qxg2 d5 24. cxd5 cxd5 25. Nc5 Qb5 26. Na4 Ne4 27. Nc3 Nxc3
28. Bxc3 Qd3 29. Bd2 Bh6 30. Rbe1 Rxf1+ 31. Rxf1 Bxe3+ 32. Bxe3 Qxe3+ 33. Rf2
e4 34. Qf1 Rf8 0-1